00732nam a2200145 a 450000100100000000500170001000800410002704000250006811101100009324500800020326000810028330000370036495201680040199900170056900004027520201002034027.0130821s1990 bg 000 0 spa d aDO-SdBNPbspacBNPHU2 aConferencia regional sobre pobreza en América Latina y el Cariben(2:d1990 : 20-23 nov.cQuito)96654710aSegunda conferencia regional sobre pobreza en América Latina y el Caribe. aBogotá :bPrograma de la Naciones Unidas para el Desarrollo (PNUD),c1990. a234 p. :bil., gráf. ;c23 cm. 0010507-18MOaGRbGRcOId2013-08-21iLF1l0o p40275-10r2020-06-25w2020-06-25y1zPerteneció a la biblioteca persona de Gemán Emilio OrnesZNo se presta c39765d39765